Flags of U.S. Territories - Statistics

General Stats
  • This quiz has been taken 808 times
  • The average score is 7 of 14
Answer Stats
Hint Answer % Correct
Guam
96%
Puerto Rico
88%
American Samoa
83%
US Virgin Islands
70%
Northern Mariana Islands
61%
Johnston Atoll
59%
Wake Island
52%
Midway Atoll
38%
Baker Island
31%
Palmyra Atoll
30%
Jarvis Island
28%
Navassa Island
28%
Howland Island
27%
Kingman Reef
25%
No matching quizzes found
Score Distribution
Percent of People with Each Score
Percentile by Number Answered
Your Score History
You have not taken this quiz